[Event "16th Spilimbergo Open 2018"]
[Site "Spilimbergo"]
[Date "2018.08.10"]
[Round "1.10"]
[White "Podetti, Davide"]
[Black "Rombaldoni, Denis"]
[Result "1/2-1/2"]
[WhiteElo "2204"]
[BlackElo "2508"]
[Annotator "RC"]
[PlyCount "176"]
[EventDate "2018.08.10"]
[EventType "swiss"]
[EventCountry "ITA"]
[SourceTitle "playchess.com"]
[Source "ChessBase"]
[SourceQuality "1"]
[TimeControl "5400+30"]

1. Nf3 {[%emt 0:00:30]} d6 {[%emt 0:00:30]} 2. d4 {[%emt 0:01:30]} Nf6 {[%emt 0:00:30]} 3. Nc3 {[%emt 0:03:30]} Bf5 {[%emt 0:04:30]} 4. Bg5 {[%emt 0:05:30]} Nbd7 {[%emt 0:18:30]} 5. Nh4 {[%emt 0:05:30]} Bg6 {[%emt 0:01:30]} 6. Nxg6 {[%emt 0:02:30]} hxg6 {[%emt 0:00:00]} 7. e4 {[%emt 0:00:30]} e5 {[%emt 0:00:00]} 8. Be2 {[%emt 0:03:30]} Be7 {[%emt 0:00:30]} 9. Bxf6 {[%emt 0:01:30]} Bxf6 {[%emt 0:02:30]} 10. d5 {[%emt 0:01:30]} Bg5 {[%emt 0:00:30]} 11. Qd3 {[%emt 0:00:30]} a6 {[%emt 0:04:30]} 12. g3 {[%emt 0:07:30]} Nc5 {[%emt 0:06:30]} 13. Qf3 {[%emt 0:00:30]} a5 {[%emt 0:00:30]} 14. h4 {[%emt 0:01:30]} Bh6 {[%emt 0:00:30]} 15. Bb5+ {[%emt 0:05:30]} Ke7 {[%emt 0:02:30]} 16. Qg4 {[%emt 0:19:30]} Rf8 {[%emt 0:11:30]} 17. h5 {[%emt 0:01:30]} gxh5 {[%emt 0:21:30]} 18. Rxh5 {[%emt 0:02:30]} Qc8 {[%emt 0:00:30]} 19. Qh4+ {[%emt 0:03:30]} f6 {[%emt 0:01:30]} 20. f4 {[%emt 0:00:30]} c6 {[%emt 0:04:48]} 21. Be2 {[%emt 0:13:10]} Qc7 {[%emt 0:02:19]} 22. Rd1 {[%emt 0:01:15]} exf4 {[%emt 0:04:45]} 23. gxf4 {[%emt 0:01:34]} Qb6 {[%emt 0:00:33]} 24. dxc6 {[%emt 0:00:44]} bxc6 {[%emt 0:01:18]} 25. e5 {[%emt 0:00:30]} Ne6 {[%emt 0:01:53]} 26. exd6+ {[%emt 0:01:37]} Kd7 {[%emt 0:00:03]} 27. Bg4 {[%emt 0:02:22]} Rae8 {[%emt 0:00:32]} 28. Ne2 {[%emt 0:01:28]} Kd8 {[%emt 0:03:43]} 29. Qf2 {[%emt 0:00:59]} Qa6 {[%emt 0:00:52]} 30. d7 {[%emt 0:01:34]} Re7 {[%emt 0:00:01]} 31. Bxe6 {[%emt 0:00:52]} Rxe6 {[%emt 0:00:01]} 32. c4 {[%emt 0:00:16]} Rf7 {[%emt 0:00:34]} 33. Qc5 {[%emt 0:00:30]} Rxd7 {[%emt 0:01:18]} 34. Rxd7+ {[%emt 0:04:01]} Kxd7 {[%emt 0:00:33]} 35. Kf1 {[%emt 0:00:30]} Qb7 {[%emt 0:01:27]} 36. b3 {[%emt 0:00:39]} Qc7 {[%emt 0:00:16]} 37. Qxa5 {[%emt 0:01:51]} Bxf4 {[%emt 0:00:31]} 38. Qf5 {[%emt 0:00:05]} Be3 {[%emt 0:01:42]} 39. Rh7 {[%emt 0:00:51]} Qd6 {[%emt 0:00:01]} 40. Rxg7+ {[%emt 0:00:09]} Kc8 {[%emt 0:00:02]} 41. Kg2 {[%emt 0:00:58]} Bh6 {[%emt 0:01:43]} 42. Nd4 {[%emt 0:00:46]} Bxg7 {[%emt 0:00:12]} 43. Qxe6+ {[%emt 0:00:11]} Qxe6 {[%emt 0:00:03]} 44. Nxe6 {[%emt 0:00:01]} Bh6 {[%emt 0:00:14]} 45. Kf3 {[%emt 0:00:05]} Kd7 {[%emt 0:01:17]} 46. Nd4 {[%emt 0:00:10]} Bd2 {[%emt 0:00:56]} 47. Ke4 {[%emt 0:00:09]} Kd6 {[%emt 0:00:04]} 48. Kf5 {[%emt 0:00:46]} Kc5 {[%emt 0:00:50]} 49. Nc2 {[%emt 0:00:40]} Bc3 {[%emt 0:00:10]} 50. Ke4 {[%emt 0:00:06]} Be5 {[%emt 0:00:13]} 51. Ne1 {[%emt 0:00:13]} Bc3 {[%emt 0:01:10]} 52. Nd3+ {[%emt 0:00:09]} Kd6 {[%emt 0:00:34]} 53. c5+ {[%emt 0:00:38]} Kd7 {[%emt 0:01:10]} 54. a4 {[%emt 0:00:13]} Ke6 {[%emt 0:00:34]} 55. Nf4+ {[%emt 0:00:06]} Kd7 {[%emt 0:01:04]} 56. Kf5 {[%emt 0:00:06]} Ke7 {[%emt 0:00:04]} 57. Nd3 {[%emt 0:00:05]} Kd7 {[%emt 0:00:44]} 58. b4 {[%emt 0:00:11]} Ke7 {[%emt 0:00:39]} 59. a5 {[%emt 0:01:05]} Kd7 {[%emt 0:00:18]} 60. a6 {[%emt 0:00:16]} Kc7 {[%emt 0:00:04]} 61. Ke6 {[%emt 0:00:07]} Bd4 {[%emt 0:01:40]} 62. a7 {[%emt 0:00:13]} Kb7 {[%emt 0:00:03]} 63. Kd7 {[%emt 0:00:18]} Kxa7 {[%emt 0:00:14]} 64. Kxc6 {[%emt 0:00:05]} f5 {[%emt 0:00:12]} 65. b5 {[%emt 0:00:16]} Bg1 {[%emt 0:01:19]} 66. Ne5 {[%emt 0:01:14]} Bh2 {[%emt 0:00:30]} 67. Kd5 {[%emt 0:01:35]} Kb7 {[%emt 0:00:37]} 68. Nc4 {[%emt 0:00:52]} f4 {[%emt 0:00:43]} 69. c6+ {[%emt 0:00:22]} Kb8 {[%emt 0:00:09]} 70. Ke4 {[%emt 0:01:34]} Kc7 {[%emt 0:00:05]} 71. Kd5 {[%emt 0:00:22]} f3 {[%emt 0:00:21]} 72. b6+ {[%emt 0:00:13]} Kb8 {[%emt 0:00:03]} 73. Ke6 {[%emt 0:01:07]} f2 {[%emt 0:00:11]} 74. Ne3 {[%emt 0:04:54]} Kc8 {[%emt 0:00:17]} 75. Kd5 {[%emt 0:01:08]} Bf4 {[%emt 0:00:14]} 76. Nf1 {[%emt 0:00:07]} Kb8 {[%emt 0:00:56]} 77. Ke4 {[%emt 0:01:37]} Bd6 {[%emt 0:00:34]} 78. Kd4 {[%emt 0:00:07]} Bf4 {[%emt 0:00:20]} 79. Kc4 {[%emt 0:00:09]} Bd6 {[%emt 0:00:23]} 80. Kb5 {[%emt 0:00:12]} Bf4 {[%emt 0:00:15]} 81. Kb4 {[%emt 0:00:46]} Bd6+ {[%emt 0:00:12]} 82. Kc4 {[%emt 0:00:18]} Bf4 {[%emt 0:00:14]} 83. Kd5 {[%emt 0:00:13]} Kc8 {[%emt 0:01:15]} 84. Ke6 {[%emt 0:00:22]} Kd8 {[%emt 0:01:00]} 85. b7 {[%emt 0:01:40]} Kc7 {[%emt 0:00:23]} 86. Kd5 {[%emt 0:00:17]} Kb6 {[%emt 0:00:56]} 87. Ke4 {[%emt 0:00:43]} Kxc6 {[%emt 0:00:05]} 88. Kxf4 {[%emt 0:00:06]} Kxb7 {[%emt 0:00:04]} 1/2-1/2

[Event "16th Spilimbergo Open 2018"]
[Site "Spilimbergo"]
[Date "2018.08.10"]
[Round "1.11"]
[White "Korpa, Bence"]
[Black "Pasini, Nicolo"]
[Result "1/2-1/2"]
[WhiteElo "2506"]
[BlackElo "2187"]
[Annotator "TA"]
[PlyCount "63"]
[EventDate "2018.08.10"]
[EventType "swiss"]
[EventCountry "ITA"]
[SourceTitle "playchess.com"]
[Source "ChessBase"]
[SourceQuality "1"]

{[%evp 29,63,8,8,6,7,0,5,4,8,0,0,0,0,0,0,0,0,0,0,0,0,0,0,0,0,-16,-16,-10,-2,-3,-4,-5,0,0,0,0]} 1. Nf3 Nf6 2. g3 g6 3. b3 b6 4. Bb2 Bg7 5. Bg2 Bb7 6. O-O O-O 7. c4 c5 8. Nc3 d5 9. Nxd5 Nxd5 10. Bxg7 Kxg7 11. cxd5 Qxd5 12. d4 cxd4 13. Qxd4+ Qxd4 14. Nxd4 Bxg2 {A30: Symmetrical English: Double Fianchetto and Hedgehog} 15. Kxg2 Nd7 {LiveBook: 4 Games. The position is equal.} (15... a5 16. Rac1 Na6 17. Rc6 Rab8 18. a3 Rfd8 19. e3 Rb7 20. f4 Nc5 21. Kf3 Re8 22. b4 axb4 23. axb4 {½-½ (40) Pantsulaia,L (2607)-Vachier Lagrave,M (2804) Doha 2016}) 16. Rfc1 Rfc8 17. b4 $146 ({Predecessor:} 17. Nb5 a5 18. Rd1 Nc5 19. Kf1 Kf8 20. Rac1 Rd8 21. Nc7 Rxd1+ 22. Rxd1 Rc8 23. Nd5 Nd7 24. Ne3 Ke8 25. Ke1 {½-½ (25) Odendahl,R (2375)-Van der Poel,H (2292) Dieren 2011}) 17... a6 18. a4 a5 19. bxa5 {[#] Black must now prevent Rxc8.} Rxc1 20. Rxc1 {Threatens to win with Rc7.} Rxa5 $11 {[%mdl 4096] Endgame KRN-KRN} 21. Rc7 Rd5 22. Nc6 Kf6 23. Ra7 Rd6 24. Nb4 Nc5 25. Kf3 Rd4 26. Nc6 Rd7 27. Ra8 Rd6 28. Na7 Rd4 29. a5 bxa5 30. Nc6 Rd6 31. Nxa5 Ra6 32. Rxa6+ {Precision: White = 69%, Black = 91%.} 1/2-1/2

[Event "16th Spilimbergo Open 2018"]
[Site "Spilimbergo"]
[Date "2018.08.10"]
[Round "1.12"]
[White "Locci, Damiano"]
[Black "Godena, Michele"]
[Result "0-1"]
[WhiteElo "2185"]
[BlackElo "2502"]
[Annotator "ChessBase"]
[PlyCount "52"]
[EventDate "2018.08.10"]
[EventType "swiss"]
[EventCountry "ITA"]
[SourceTitle "playchess.com"]
[Source "ChessBase"]
[SourceQuality "1"]
[TimeControl "5400+30"]

1. c4 {[%emt 0:00:30]} e5 {[%emt 0:00:30]} 2. Nc3 {[%emt 0:00:00]} Bb4 {[%emt 0:00:00]} 3. Nd5 {[%emt 0:00:00]} Bc5 {[%emt 0:02:00]} 4. e3 {[%emt 0:00:30]} Nf6 {[%emt 0:00:30]} 5. d4 {[%emt 0:00:30]} Nxd5 {[%emt 0:01:30]} 6. dxc5 {[%emt 0:00:00]} Nf6 {[%emt 0:08:30]} 7. b4 {[%emt 0:00:00]} Nc6 {[%emt 0:35:30]} 8. b5 {[%emt 0:13:30]} Ne7 {[%emt 0:01:30]} 9. Ne2 {[%emt 0:04:30]} b6 {[%emt 0:02:30]} 10. Bb2 {[%emt 0:03:30]} Ng6 {[%emt 0:03:30]} 11. cxb6 {[%emt 0:03:30]} axb6 {[%emt 0:00:30]} 12. Nc3 {[%emt 0:00:30]} Bb7 {[%emt 0:04:30]} 13. Qc2 {[%emt 0:09:30]} Qe7 {[%emt 0:04:30]} 14. a4 {[%emt 0:06:30]} Nh4 {[%emt 0:17:13]} 15. Ba3 {[%emt 0:04:30]} d6 {[%emt 0:00:06]} 16. e4 {[%emt 0:13:30]} O-O {[%emt 0:00:10]} 17. f3 {[%emt 0:01:30]} Nd7 {[%emt 0:02:38]} 18. Bd3 {[%emt 0:03:30]} Qg5 {[%emt 0:02:13]} 19. Ra2 {[%emt 0:03:30]} Qe3+ {[%emt 0:05:08]} 20. Kf1 {[%emt 0:00:00]} Nc5 {[%emt 0:03:21]} 21. Be2 {[%emt 0:09:00]} f5 {[%emt 0:00:31]} 22. Bc1 {[%emt 0:01:30]} Qd4 {[%emt 0:00:14]} 23. Nd1 {[%emt 0:00:30]} fxe4 {[%emt 0:02:43]} 24. Bb2 {[%emt 0:02:37]} exf3 {[%emt 0:00:20]} 25. Bxd4 {[%emt 0:00:05]} fxg2+ {[%emt 0:00:08]} 26. Kg1 {[%emt 0:00:05]} gxh1=Q# {[%emt 0:00:07]} 0-1

[Event "16th Spilimbergo Open 2018"]
[Site "Spilimbergo"]
[Date "2018.08.10"]
[Round "1.13"]
[White "Karthik Venkataraman"]
[Black "Landi, Alberto"]
[Result "1-0"]
[WhiteElo "2502"]
[BlackElo "2177"]
[Annotator "TA"]
[PlyCount "59"]
[EventDate "2018.08.10"]
[EventType "swiss"]
[EventCountry "ITA"]
[SourceTitle "playchess.com"]
[Source "ChessBase"]
[SourceQuality "1"]

{[%evp 22,59,2,10,47,27,26,-9,2,-30,-16,-17,-8,-53,116,104,181,167,221,187,235,202,239,250,233,129,372,284,306,272,704,660,934,584,29980,29981,29972,5689,29982,29983]} 1. e4 e6 2. d4 d5 3. Nc3 Nf6 4. e5 Nfd7 5. f4 c5 6. Nf3 Nc6 7. Be3 a6 8. Qd2 b5 9. Nd1 Qb6 10. Be2 b4 {C11: French: Classical System: 4 e5 and 4 Bg5 dxe4} (10... cxd4 11. Nxd4 Nxd4 12. Bxd4 Bc5 13. c3 b4 14. O-O a5 15. Bg4 O-O 16. Ne3 Ba6 17. Rfe1 g6 18. Nxd5 exd5 19. Bxd7 {0-1 (43) Ponomariov,R (2712)-Wang,H (2717) Huaian 2016}) 11. O-O cxd4 12. Nxd4 {LiveBook: 6 Games} Bc5 {[%cal Rc6d4] The position is equal.} 13. Nb3 Bxe3+ 14. Nxe3 $146 {[%cal Bd1e3,Be3c4,Bc4d6][%mdl 32]} ({Predecessor:} 14. Qxe3 O-O 15. Qxb6 Nxb6 16. a3 a5 17. axb4 axb4 18. Rxa8 Nxa8 {½-½ (38) Cadilhac,I (2293)-Filipps,Y (2155) Santiago de Chile 2016}) 14... a5 15. Rad1 Ba6 16. Bxa6 Rxa6 17. Kh1 a4 $2 {[#]} (17... O-O $15 {stays ahead.}) 18. Nc4 $1 $16 {[%cal Rc4b6][%mdl 512]} Qb8 (18... Qa7 $16 {was worth a try.} 19. Nd6+ Kf8) (18... dxc4 19. Qxd7+) 19. Nd6+ $18 Ke7 (19... Kf8 $142) 20. Nd4 Nxd4 21. Qxd4 Qb6 {White should prevent ...Qxd4.} 22. Qd3 g6 23. Qg3 ({White should try} 23. c4 $18 bxc3 24. bxc3 (24. Qxc3 Qc5 $16)) 23... Raa8 $2 (23... Kf8 $16 {was necessary.} 24. c4 bxc3) 24. c4 bxc3 25. bxc3 Qc7 $2 {[#]} (25... Kf8 26. c4 d4) 26. c4 $1 {[%mdl 512]} dxc4 27. Qg5+ f6 28. exf6+ Nxf6 29. Rfe1 {Intending Rxe6+! and mate.} Ra5 30. f5 {Precision: White = 41%, Black = 16%.} 1-0

[Event "16th Spilimbergo Open 2018"]
[Site "Spilimbergo"]
[Date "2018.08.10"]
[Round "1.14"]
[White "Simonetto, Andrea"]
[Black "Basso, Pier Luigi"]
[Result "0-1"]
[WhiteElo "2173"]
[BlackElo "2494"]
[Annotator "TA"]
[PlyCount "78"]
[EventDate "2018.08.10"]
[EventType "swiss"]
[EventCountry "ITA"]
[SourceTitle "playchess.com"]
[Source "ChessBase"]
[SourceQuality "1"]

{[%evp 24,77,0,-10,0,0,8,0,0,5,14,-8,-10,0,0,-35,-27,-37,-40,-36,-37,-35,-39,-153,-150,-143,-143,-163,-130,-124,-119,-122,-109,-112,-109,-132,-133,-156,-149,-230,-239,-271,-262,-290,-267,-229,0,-295,-238,-363,-339,-570,-545,-6319,-6231,-29999]} 1. d4 d5 2. c4 c6 3. Nc3 Nf6 4. Nf3 e6 5. cxd5 exd5 6. Bg5 Be7 7. e3 Bf5 8. Bd3 Bxd3 9. Qxd3 O-O 10. O-O {D35: Queen's Gambit Declined: Exchange Variation} Re8 (10... Nbd7 11. h3 Re8 12. Rfe1 Nf8 13. Rad1 Qd6 14. Bf4 Qd8 15. Bg5 Qd6 {½-½ (15) Jobava,B (2706)-Shimanov,A (2658) Minsk 2014}) 11. Rfc1 Nbd7 12. Rab1 a5 13. a3 {LiveBook: 7 Games} a4 14. Qc2 $146 ({Predecessor:} 14. Bf4 Nb6 15. Nb5 Rc8 16. Na7 Ra8 17. Nb5 Ra5 18. Bc7 Qa8 19. Bxb6 Rxb5 20. Bc7 Ne4 {0-1 (57) Szobi,G (2155)-Turzo,A (2415) Aggtelek 1998}) 14... Qa5 15. b4 axb3 16. Rxb3 Qa6 17. Ne2 Ne4 18. Bxe7 Rxe7 19. Nf4 Nb6 20. Nd2 Nxd2 21. Qxd2 Nc4 $36 {[%mdl 2048] Black is more active.} 22. Qb4 Qa4 23. Rcb1 (23. Nd3 $15) 23... Qxb4 $17 24. Rxb4 Rxa3 25. h3 Nd6 26. Rb6 {intending Nxd5!} Ra5 27. Nd3 Kf8 28. Nc5 {[%cal Rc5b7]} Ra7 29. Kh2 f6 30. R1b3 Ke8 31. e4 (31. Rb1 $17 {is a better defense.}) 31... dxe4 $19 32. R3b4 Kf7 33. Kg3 Ra3+ 34. Kh2 Ra7 35. Kg3 $1 g5 36. d5 (36. h4 {was necessary.}) 36... Nf5+ 37. Kg4 $2 (37. Kh2 cxd5 38. Rb2) 37... Kg6 {[%csl Gg6][%cal Rh7h5] [#]} 38. Nxe4 Ra3 {[%cal Rf5h6]} 39. Nxf6 Nh6# {Precision: White = 20%, Black = 73%.} 0-1

[Event "16th Spilimbergo Open 2018"]
[Site "Spilimbergo"]
[Date "2018.08.10"]
[Round "1.15"]
[White "Mogranzini, Roberto"]
[Black "Martorelli, Antonio"]
[Result "0-1"]
[WhiteElo "2479"]
[BlackElo "2165"]
[Annotator "TA"]
[PlyCount "76"]
[EventDate "2018.08.10"]
[EventType "swiss"]
[EventCountry "ITA"]
[SourceTitle "playchess.com"]
[Source "ChessBase"]
[SourceQuality "1"]

{[%evp 17,76,28,30,0,14,31,41,37,31,54,43,19,33,21,34,27,45,0,0,-12,-23,-45,-30,-33,14,13,14,10,14,16,49,0,0,0,0,-12,0,-64,-52,-48,-18,-256,-249,-381,-400,-386,-406,-396,-363,-550,-375,-446,-445,-437,-362,-689,-681,-656,-592,-583,-562]} 1. Nf3 Nf6 2. c4 g6 3. g3 Bg7 4. Bg2 O-O 5. O-O d6 6. Nc3 c6 7. d3 Nbd7 8. Rb1 e5 9. b4 d5 {LiveBook: 3 Games} 10. Qb3 {[%cal Rc4d5] A24: English Opening vs King's Indian: Lines without ...Nc6} (10. b5 dxc4 11. dxc4 Qa5 12. Qb3 Re8 13. Ng5 Nb8 14. Nce4 Qc7 15. Ba3 Nxe4 16. Nxe4 Rd8 17. Rfd1 Rxd1+ 18. Rxd1 cxb5 19. cxb5 Nd7 20. Rc1 {1-0 (20) Vidit,S (2565)-Narayanan,S (2483) Kocaeli 2013}) 10... d4 11. Na4 b5 $146 ({Predecessor:} 11... Re8 12. Nd2 a5 13. b5 c5 14. Ba3 {½-½ (14) Ottaviani,G (1982)-Hussain,H (1699) Arco 2014}) 12. cxb5 {White is slightly better.} cxb5 13. Nc5 {Threatens to win with Nxe5!} Rb8 14. Nxd7 Nxd7 {[%cal Bf6d7,Bd7b6,Bb6a4,Ba4c3][%mdl 32]} 15. Bg5 Bf6 16. Bxf6 Qxf6 17. Rfc1 Nb6 18. Rc5 Be6 19. Qa3 Na4 $1 20. Rxe5 Bg4 21. Re1 Rfc8 22. Qb3 $1 Be6 {[%cal Bg4e6,Be6a2,Ba2d5][%mdl 32]} 23. Qd1 Bxa2 24. Qd2 (24. Rxb5 $5 Nc3 25. Rxb8 Rxb8 26. Qd2 $14) 24... Nc3 25. e3 {[%cal Be2e3,Be3e4][%mdl 32]} Bd5 $36 {[%mdl 2048] Black has some pressure.} 26. e4 Be6 27. Qf4 ({White should play} 27. Qh6 $11) 27... Qxf4 $15 28. gxf4 a5 29. Nxd4 $2 {[#]} (29. bxa5 $11 {and White stays safe.} b4 30. Nd2 (30. Nxd4 b3 $17)) 29... axb4 $19 30. Rxe6 (30. Nxe6 b3 $15) (30. Bf3 $142 b3 31. Rxe6) 30... fxe6 31. Bh3 Rb6 32. Nxe6 Ra8 {[#] aiming for ...b3.} 33. Nc5 (33. Nd4 $142) 33... Kf7 34. d4 Ra3 35. Re3 Na4 36. Rb3 $2 (36. Nb3 Rc6 37. d5) 36... Nxc5 {Black is clearly winning.} 37. dxc5 Rc6 (37... Rxb3 38. cxb6 Rc3 39. b7 $18) 38. Rxb4 Rxh3 {Precision: White = 31%, Black = 75%.} 0-1

[Event "16th Spilimbergo Open 2018"]
[Site "Spilimbergo"]
[Date "2018.08.10"]
[Round "1.16"]
[White "Shome Shiv"]
[Black "Sonis, Francesco"]
[Result "1/2-1/2"]
[WhiteElo "2161"]
[BlackElo "2468"]
[Annotator "ChessBase"]
[PlyCount "144"]
[EventDate "2018.08.10"]
[EventType "swiss"]
[EventCountry "ITA"]
[SourceTitle "playchess.com"]
[Source "ChessBase"]
[SourceQuality "1"]
[TimeControl "5400+30"]

1. e4 {[%emt 0:00:30]} e5 {[%emt 0:00:30]} 2. Nf3 {[%emt 0:00:00]} Nc6 {[%emt 0:00:00]} 3. Bc4 {[%emt 0:00:00]} Bc5 {[%emt 0:00:00]} 4. d3 {[%emt 0:00:30]} Nf6 {[%emt 0:00:30]} 5. O-O {[%emt 0:00:00]} O-O {[%emt 0:00:30]} 6. c3 {[%emt 0:00:00]} d6 {[%emt 0:01:30]} 7. Nbd2 {[%emt 0:00:30]} a6 {[%emt 0:00:30]} 8. a4 {[%emt 0:00:30]} Be6 {[%emt 0:03:30]} 9. Bb3 {[%emt 0:03:30]} Ba7 {[%emt 0:03:30]} 10. Nc4 {[%emt 0:02:30]} h6 {[%emt 0:04:30]} 11. Ne3 {[%emt 0:07:30]} Ne7 {[%emt 0:05:30]} 12. Bc2 {[%emt 0:04:30]} c5 {[%emt 0:05:30]} 13. d4 {[%emt 0:04:30]} cxd4 {[%emt 0:00:30]} 14. cxd4 {[%emt 0:00:00]} Qc7 {[%emt 0:04:30]} 15. d5 {[%emt 0:02:00]} Bd7 {[%emt 0:00:30]} 16. Bd3 {[%emt 0:01:30]} Ng6 {[%emt 0:05:30]} 17. g3 {[%emt 0:12:30]} Bh3 {[%emt 0:03:30]} 18. Re1 {[%emt 0:00:30]} Ng4 {[%emt 0:00:30]} 19. Nxg4 {[%emt 0:10:30]} Bxg4 {[%emt 0:00:30]} 20. Be3 {[%emt 0:00:30]} Bxe3 {[%emt 0:01:30]} 21. Rxe3 {[%emt 0:00:00]} Qb6 {[%emt 0:04:30]} 22. Be2 {[%emt 0:02:00]} Bxf3 {[%emt 0:07:30]} 23. Bxf3 {[%emt 0:02:30]} Qxb2 {[%emt 0:01:30]} 24. Rb3 {[%emt 0:01:30]} Qd4 {[%emt 0:00:30]} 25. Rxb7 {[%emt 0:01:30]} Rfb8 {[%emt 0:01:30]} 26. Rab1 {[%emt 0:02:30]} Rxb7 {[%emt 0:03:30]} 27. Rxb7 {[%emt 0:00:30]} Rc8 {[%emt 0:03:30]} 28. Kg2 {[%emt 0:09:30]} Rc4 {[%emt 0:04:30]} 29. a5 {[%emt 0:02:30]} Qxd1 {[%emt 0:07:30]} 30. Bxd1 {[%emt 0:00:30]} Rxe4 {[%emt 0:00:00]} 31. Rb6 {[%emt 0:00:30]} Rd4 {[%emt 0:05:00]} 32. Bb3 {[%emt 0:00:30]} e4 {[%emt 0:01:30]} 33. Rxa6 {[%emt 0:02:30]} Ne5 {[%emt 0:02:30]} 34. Ra8+ {[%emt 0:04:30]} Kh7 {[%emt 0:00:30]} 35. Rc8 {[%emt 0:00:30]} Rd3 {[%emt 0:07:24]} 36. a6 {[%emt 0:00:30]} Rxb3 {[%emt 0:00:07]} 37. a7 {[%emt 0:00:30]} Ra3 {[%emt 0:00:00]} 38. a8=Q {[%emt 0:00:00]} Rxa8 {[%emt 0:00:00]} 39. Rxa8 {[%emt 0:00:00]} f5 {[%emt 0:00:05]} 40. Re8 {[%emt 0:01:30]} Nc4 {[%emt 0:01:31]} 41. Re6 {[%emt 0:00:00]} g6 {[%emt 0:02:42]} 42. Kf1 {[%emt 0:01:00]} Kg7 {[%emt 0:00:21]} 43. Ke2 {[%emt 0:00:30]} Kf7 {[%emt 0:01:05]} 44. f3 {[%emt 0:01:30]} exf3+ {[%emt 0:00:32]} 45. Kxf3 {[%emt 0:00:30]} Nd2+ {[%emt 0:01:06]} 46. Kf4 {[%emt 0:00:30]} Ne4 {[%emt 0:00:49]} 47. g4 {[%emt 0:07:46]} Nf6 {[%emt 0:00:02]} 48. Rxd6 {[%emt 0:00:07]} Nxg4 {[%emt 0:00:20]} 49. h3 {[%emt 0:01:55]} Nf2 {[%emt 0:00:02]} 50. h4 {[%emt 0:02:53]} Nd3+ {[%emt 0:02:33]} 51. Ke3 {[%emt 0:00:12]} Ne5 {[%emt 0:01:57]} 52. Re6 {[%emt 0:00:34]} Nd7 {[%emt 0:01:44]} 53. Kd4 {[%emt 0:00:26]} Nf6 {[%emt 0:01:26]} 54. Re1 {[%emt 0:00:54]} f4 {[%emt 0:01:09]} 55. Ke5 {[%emt 0:00:41]} g5 {[%emt 0:00:19]} 56. hxg5 {[%emt 0:00:09]} hxg5 {[%emt 0:00:04]} 57. d6 {[%emt 0:00:09]} f3 {[%emt 0:02:12]} 58. Kf5 {[%emt 0:00:49]} Nd5 {[%emt 0:03:00]} 59. Kxg5 {[%emt 0:03:17]} f2 {[%emt 0:00:21]} 60. Rf1 {[%emt 0:00:28]} Ke6 {[%emt 0:00:01]} 61. Rxf2 {[%emt 0:00:20]} Kxd6 {[%emt 0:00:03]} 62. Kf5 {[%emt 0:00:06]} Ne7+ {[%emt 0:00:20]} 63. Ke4 {[%emt 0:00:07]} Ke6 {[%emt 0:00:07]} 64. Ra2 {[%emt 0:00:04]} Nc6 {[%emt 0:00:03]} 65. Rd2 {[%emt 0:00:06]} Ne7 {[%emt 0:00:04]} 66. Rh2 {[%emt 0:00:27]} Ng8 {[%emt 0:00:05]} 67. Rf2 {[%emt 0:00:19]} Ne7 {[%emt 0:00:04]} 68. Re2 {[%emt 0:00:05]} Kd6 {[%emt 0:00:26]} 69. Rd2+ {[%emt 0:00:09]} Ke6 {[%emt 0:00:03]} 70. Ra2 {[%emt 0:00:07]} Nc6 {[%emt 0:00:10]} 71. Ra6 {[%emt 0:00:11]} Kd6 {[%emt 0:00:06]} 72. Rxc6+ {[%emt 0:00:03]} Kxc6 {[%emt 0:00:02]} 1/2-1/2